| 000 | 00427cam a2200181 4500 | ||
|---|---|---|---|
| 001 | D14461 | ||
| 008 | 090401t1951 xxu||||| |||| 00| 0 eng d | ||
| 035 | _a(Sirsi) u15869 | ||
| 041 | _aeng | ||
| 100 | _aWilks, H Mark | ||
| 245 | _aReport writing and proofs of evidence | ||
| 260 |
_aLondon _bEstates Gazette _c1951 |
||
| 300 | _a124p. ; 22cm. | ||
| 350 | _a0 | ||
| 520 | _aShelf 137 | ||
| 942 | _n0 | ||
| 948 | _c04/03/1997 | ||
| 999 |
_c87319 _d87319 |
||